Villes des pays Baltes en images - Statistiques

Statistiques générales
  • Ce quiz a été pris 15 fois
  • Le résultat moyen est 6 sur 12
Statistiques - réponses
Par images Hint Réponse % Correct
Riga
100%
Tallinn
93%
Vilnius
87%
Kaunas
53%
Klaipėda
47%
Tartu
47%
Daugavpils
40%
Liepāja
40%
Narva
40%
Pärnu
40%
Jelgava
27%
Šiauliai
20%
Aucun quiz correspondant
Distribution des résultats
% des personnes avec chaque résultat
Percentile par nombre de réponses
Votre historique - résultats
Vous n’avez pas pris ce quiz